Metal Nanoclusters in Catalysis and Materials Science: The issue of size control

Podrobná bibliografie
Další autoři: Corain B. (редактор), Schmid G., Toshima N.
Shrnutí:Metal Nanoclusters in Catalysis and Materials Science: The Issue of Size Control deals with the synthesis of metal nanoclusters along all known methodologies. Physical and chemical properties of metal nanoclusters relevant to their applications in chemical processing and materials science are covered thoroughly. Special attention is given to the role of metal nanoclusters size and shape in catalytic processes and catalytic applications relevant to industrial chemical processing. An excellent text for expanding the knowledge on the chemistry and physics of metal nanoclusters. Divided in two parts; Part I deals with general aspects of the matter and Part II has to be considered a useful handbook dealing with the production of metal nanoclusters, especially from their size-control point of view.
Jazyk:angličtina
Vydáno: Amsterdam, Elsevier Ltd, 2008
Témata:
Médium: Kniha
KOHA link:https://koha.lib.tpu.ru/cgi-bin/koha/opac-detail.pl?biblionumber=140883

MARC

LEADER 00000nam0a2200000 4500
001 140883
005 20231031142244.0
010 |a 9780444530578 
035 |a (RuTPU)RU\TPU\book\152648 
090 |a 140883 
100 |a 20080711d2008 k y0engy50 ba 
101 0 |a eng 
102 |a NL 
105 |a a z 001zy 
200 1 |a Metal Nanoclusters in Catalysis and Materials Science: The issue of size control  |f edited by B. Corain, G. Schmid, N. Toshima 
210 |a Amsterdam  |c Elsevier Ltd  |d 2008 
215 |a 458 p.  |c il. 
318 |5 63413507  |a Нанопанорама - 2008  |p Научные труды  |b выставка 
320 |a Библиография в конце глав. 
330 |a Metal Nanoclusters in Catalysis and Materials Science: The Issue of Size Control deals with the synthesis of metal nanoclusters along all known methodologies. Physical and chemical properties of metal nanoclusters relevant to their applications in chemical processing and materials science are covered thoroughly. Special attention is given to the role of metal nanoclusters size and shape in catalytic processes and catalytic applications relevant to industrial chemical processing. An excellent text for expanding the knowledge on the chemistry and physics of metal nanoclusters. Divided in two parts; Part I deals with general aspects of the matter and Part II has to be considered a useful handbook dealing with the production of metal nanoclusters, especially from their size-control point of view. 
610 1 |a металлы 
610 1 |a материаловедение 
610 1 |a наноструктурные материалы 
610 1 |a металлические материалы 
610 1 |a структурообразование 
610 1 |a катализ 
610 1 |a химический анализ 
610 1 |a количественный анализ 
610 1 |a английский язык 
610 1 |a металлография 
675 |a 620.18  |v 3 
702 1 |a Corain  |b B.  |4 340 
702 1 |a Schmid  |b G.  |4 340 
702 1 |a Toshima  |b N.  |4 340 
801 1 |a RU  |b 63413507  |c 20080711  |g PSBO 
801 2 |a RU  |b 63413507  |c 20100301  |g PSBO 
942 |c BK